| 000 | 01007nam a22003137a 4500 | ||
|---|---|---|---|
| 001 | 0023387 | ||
| 003 | KOHA_MİRAKIL | ||
| 005 | 20260207002410.0 | ||
| 007 | ta | ||
| 008 | 101027b2010 tu |||gr||||#||||0|tur | | ||
| 020 |
_a9789750402166 _qTk. 9789750402173 _cYTL41,69 |
||
| 040 |
_aTR-BiSEU _btur _cTR-BiSEU _erda |
||
| 041 | 0 | _atur | |
| 044 | _ctu | ||
| 050 |
_aTA351 _b.H53 2010 |
||
| 100 | 1 | _aHibbeler, R. C.. | |
| 245 | 1 |
_aMühendislik mekaniği statik= Engineering mehanics - statics / _cR. C. Hibbeler ; R. C. Hibbeler, S. C. Fan ; çeviren Ayşe Soyuçok, Özgün Soyuçok. |
|
| 264 | 1 |
_aİstanbul : _bLiteratür Yayınları _c2010 |
|
| 300 | _a574 sayfa | ||
| 336 |
_ametin _btxt _2rdacontent |
||
| 337 |
_aaracısız _bn _2rdamedia |
||
| 338 |
_acilt _bnc _2rdacarrier |
||
| 490 | 1 |
_aLiteratür Yayınları ; _v421. |
|
| 500 | _aDizin var. | ||
| 650 | 0 |
_aUygulamalı mekanik. _92196 |
|
| 650 | 0 |
_aStatik. _91554 |
|
| 830 | 1 |
_aLiteratür Yayınları ; _v421. _92203 |
|
| 942 |
_2lcc _cBK |
||
| 999 |
_c23342 _d23342 |
||